|
|
|
|
| LEADER |
00000naa a2200000uu 4500 |
| 001 |
vtls011054134 |
| 003 |
SK-MaSNL |
| 005 |
20260302115327.0 |
| 008 |
210907|2001 xo |||||||||||||||||slo| |
| 015 |
|
|
|a SNBRA
|
| 035 |
|
|
|a (urnnbn)urn:nbn:sk:snk:ar-a0bx62
|
| 035 |
|
|
|a (uuid)7fc372ac-f5bc-4f60-a614-f30617dcf95f
|
| 035 |
|
|
|a urn:nbn:sk:snk-aav3vg
|
| 040 |
|
|
|a SNKBUCL
|b slo
|c SNKBUCL
|e AACR2
|
| 041 |
0 |
|
|a slo
|
| 044 |
|
|
|a xo
|c SK
|
| 100 |
1 |
|
|a Kaličiak, Michal,
|d 1944-
|4 aut
|9 91322
|
| 245 |
1 |
0 |
|a JÁN SLÁVIK - VÝZNAMNÝ GEOLÓG A ZAKLADATEĽ SLOVENSKÉHO GEOLOGICKÉHO ÚRADU
|c Michal Kaličiak
|
| 773 |
0 |
|
|t Geologické vedy v tradícii baníckeho školstva na Slovensku
|d Košice : Technická univerzita, 2001, 2001
|g S. 62-64
|z 8070996846
|
| 958 |
|
|
|a OND
|
| 958 |
|
|
|a article12
|
| 958 |
|
|
|a chapter
|
| 999 |
|
|
|c 1264049
|d 1265979
|